Statistics for The Rescuers Characters Quiz

Click here to take the quiz!

General Stats

  • This quiz has been taken 52 times
  • The average score is 6 of 10

Answer Stats

DescriptionCharacter% Correct
Rescue Aid Society's timid janitor, who reluctantly tags along with Miss Bianca who is highly superstitious about the number 13 and dislikes flyingBernard
92%
A greedy, redheaded, wicked pawnshop ownerMadame Medusa
89%
A lonely six-year-old orphan girl, residing at Morningside Orphanage in New York CityPenny
87%
The Hungarian representative of the Rescue Aid Society who is sophisticated and adventurousMiss Bianca
71%
Medusa's clumsy business partnerMr. Snoops
61%
The elderly cat who resides at Morningside Orphanage and comforts Penny when she is sadRufus
53%
A dragonfly who mans a leaf boat across Devil's Bayou, giving Bernard and Miss Bianca a ride across the swamp watersEvinrude
50%
An albatross who gives Bernard and Bianca a ride to Devil's BayouOrville
47%
A male muskrat who resides in a Southern-style home on a patch of land in Devil's BayouLuke
42%
A female muskrat who resides in a Southern-style home on a patch of land in Devil's BayouEllie Mae
32%

Score Distribution

Percentile by Number Answered

Percent of People with Each Score

Your Score History

You have not taken this quiz